Detalles MARC
| 000 -LEADER |
| fixed length control field |
01606nam a2200253 a 4500 |
| 001 - CONTROL NUMBER |
| control field |
|
| 003 - CONTROL NUMBER IDENTIFIER |
| control field |
OSt |
| 005 - DATE AND TIME OF LATEST TRANSACTION |
| control field |
20211108075855.0 |
| 008 - FIXED-LENGTH DATA ELEMENTS--GENERAL INFORMATION |
| fixed length control field |
130412s1989 dr 000 0 spa d |
| 040 ## - CATALOGING SOURCE |
| Original cataloging agency |
DO-SdBNP |
| Language of cataloging |
spa |
| Transcribing agency |
BPMSU |
| 082 ## - DEWEY DECIMAL CLASSIFICATION NUMBER |
| Item number |
R789n 1989 |
| Classification number |
RD863.44 |
| Edition number |
22 |
| 100 1# - MAIN ENTRY--PERSONAL NAME |
| Personal name |
Rosario Candelier, Bruno, |
| Dates associated with a name |
1941- |
| 245 13 - TITLE STATEMENT |
| Title |
La narrativa de Juan Bosch / |
| Statement of responsibility, etc. |
Bruno Rosario Candelier. |
| 260 ## - PUBLICATION, DISTRIBUTION, ETC. (IMPRINT) |
| Place of publication, distribution, etc. |
Santo Domingo : |
| Name of publisher, distributor, etc. |
Alfa & Omega, |
| Date of publication, distribution, etc. |
1989. |
| 300 ## - PHYSICAL DESCRIPTION |
| Extent |
275 p. ; |
| Dimensions |
21 cm. |
| 504 ## - BIBLIOGRAPHY, ETC. NOTE |
| Bibliography, etc |
Bibliografía: p. 22-26 |
| 505 0# - FORMATTED CONTENTS NOTE |
| Formatted contents note |
Presentación -- |
| Title |
Datos bio-bibliográficos de Juan Bosch -- |
| -- |
Semblanzas literaria de Juan Bosch -- |
| -- |
El aspecto social en la cuentística -- |
| -- |
Bosch, el exilio y la literatura -- |
| -- |
Recursos, actitudes y motivos narrativos -- |
| -- |
técnica y temática de una cuentística -- |
| -- |
El trasfondo sociocultural de la materia narrativa -- |
| -- |
El trasfondo formal de la materia narrativa -- |
| -- |
¨La Mujer¨, un cuento criollista -- |
| -- |
¨El Difunto estaba vivo¨, un relato mágico-realista -- |
| -- |
La Mañosa, una novela socio-realista -- |
| -- |
El Oro y la paz, una novela de carácter filosófico-- |
| -- |
Juan Bosch, ¨La Mujer¨ y sus connotaciones -- |
| -- |
Margarita Fernández : La cuentística de Juan Bosch -- |
| -- |
Entrevista con Juan Bosch -- |
| -- |
Bruno Rosario Candelier, ¨La Mujer¨y la crítica literaria / |
| Statement of responsibility |
Por Juan Bosch -- |
| Title |
La literatura y la crítica literaria, por Juan Bosch -- |
| -- |
Conclusión |
| 590 ## - LOCAL NOTE (RLIN) |
| Local note |
Inventariado, 2021/VM |
| 600 10 - SUBJECT ADDED ENTRY--PERSONAL NAME |
| Personal name |
Bosch, Juan, |
| Dates associated with a name |
1909-2001 |
| 9 (RLIN) |
1 |
| 650 #4 - SUBJECT ADDED ENTRY--TOPICAL TERM |
| Topical term or geographic name as entry element |
Literatura domincana |
| General subdivision |
Crítica e interpretación |
| 700 1# - ADDED ENTRY--PERSONAL NAME |
| Personal name |
Bosch, Juan, |
| Dates associated with a name |
1909-2001 |
| 9 (RLIN) |
1 |
| 910 ## - USER-OPTION DATA (OCLC) |
| User-option data |
VMateo V: |
| 942 ## - ADDED ENTRY ELEMENTS (KOHA) |
| Source of classification or shelving scheme |
Dewey Decimal Classification |
| Koha item type |
Libros |